Дело о пенсии коллежского асессора Ключникова, заседателя Сумского земского суда

Доступно только в Электронных читальных залах Найти на картеНа карте
RUSMARC
00004174nmc2a22000003x 450
001972f14d8-b0a9-4f10-8f7e-ebd8049b60f2
00520200227131258.0
100##$a20180801l18621863k l0rusy0189 ca
1010#$arus
102##$aRU
2001#$aДело о пенсии коллежского асессора Ключникова, заседателя Сумского земского суда
$j15 сентября 1862 г. - 9 марта 1863 г.
251##$cДело
300##$aДело
300##$aОриг. заголовок дела: Дело о пенсии вдове коллежского асессора Ключникова, непременного дворянства заседателя Сумского уездного суда. 15 сентября 1862 г. - 9 марта 1863 г
801#0$aRU
$bРГИА
$c20180801
$gRCR
801#1$aRU
$bГлавНИВЦ
$c20180801
$2rusmarc
801#2$aRU
$bПБ им. Б.Н. Ельцина
$c20200227
$gRCR
$2rusmarc
850##$aРГИА
852##$aРГИА
$eФедеральное казенное учреждение "Российский государственный исторический архив" (РГИА)
$j262
937##$hРГИА
$d12284919
$aASBIBLIO_SCAN
462#0$10015c398cbf-df74-45c9-b4be-e102fe866560
$12001
$aДела Департамента полиции исполнительной МВД за 1862 год
$1251
$cОпись
$1852
$j23
$l1862 г.
461#0$10013e300ed0-cd39-49af-8489-5ba5b90fa401
$12001
$aДепартамент полиции исполнительной МВД
$1251
$cФонд
$1852
$j1286
215##$a15 л.
$d36,5х26 см
371##$aДокумент не является опубликованным и широко распространяемым
105##$ay###
1222#$ad
5171#$aДело о пенсии вдове коллежского асессора Ключникова, непременного дворянства заседателя Сумского уездного суда. 15 сентября 1862 г. - 9 марта 1863 г
035##$a972f14d8-b0a9-4f10-8f7e-ebd8049b60f2
856##$uhttp://readingroom.main.prlib.ru/item.aspx?id_node=n141823377&mode=full
Формат отображения